[Event "MI Brandwein TNM: 1600-1999"]
[Site "San Francisco"]
[Date "2019.08.27"]
[Round "4.18"]
[White "Mckellar, Daniel"]
[Black "Acharya, Venkatagi"]
[Result "0-1"]
[WhiteElo "1854"]
[BlackElo "1706"]
[Annotator "de Firmian,Nick"]
[PlyCount "140"]
[EventDate "2019.08.06"]
[EventType "swiss"]
[EventRounds "9"]
[EventCountry "USA"]

{[%evp 0,140,32,24,24,14,28,28,28,27,25,0,48,61,30,35,35,5,-12,10,23,13,5,1,10,
6,20,20,20,20,21,19,19,-55,-39,-36,-36,-31,-10,-90,-44,-37,-34,-34,-34,-39,-20,
-20,-31,-20,-10,-27,-55,-27,-6,-38,-17,-26,-5,0,4,14,32,30,66,7,42,42,51,-26,
-33,-143,-143,-109,-94,-151,-157,-149,-135,-136,-114,-141,-126,-114,-121,-121,
-114,-142,-120,-127,-120,-121,-125,-116,-182,-182,-180,-201,-72,-49,-39,-39,
-40,-36,-34,-35,-33,-33,-33,-33,-33,-33,-12,-41,-37,-21,-16,-21,-27,-27,-27,
-83,-89,-472,-962,-1002,-610,-1002,0,-1011,-1012,-1012,-1012,-1022,-1022,
-29967,-29968,-29971,-1022,-1022,-1022,-1022,-1022]} 1. d4 Nf6 2. Bf4 e6 3. e3
d5 4. Nf3 Bd6 5. Bg3 Nbd7 6. Nbd2 b6 7. Bb5 Bb7 8. Qe2 a6 9. Bd3 Qe7 10. c3 c5
11. e4 dxe4 12. Nxe4 Bxg3 13. hxg3 cxd4 14. Nxd4 Nc5 15. Nxf6+ Qxf6 16. Nf3
Nxd3+ 17. Qxd3 Rd8 18. Qe3 O-O 19. Ke2 Rd6 20. Rhd1 Rfd8 21. Rxd6 Rxd6 22. Rd1
Rxd1 23. Kxd1 Qd8+ 24. Kc2 h6 25. Qd3 Qxd3+ 26. Kxd3 g5 27. Kd4 Kg7 28. Ke5 Kg6
29. g4 Bd5 30. b3 b5 31. Ne1 f6+ 32. Kd4 f5 33. gxf5+ Kxf5 34. g3 h5 35. Ke3 h4
36. gxh4 gxh4 37. Nf3 h3 38. Nh2 e5 39. f3 a5 40. Nf1 a4 41. bxa4 bxa4 42. a3
Kg5 43. Ng3 Kh4 44. Nf5+ Kg5 45. Ng3 h2 46. Kf2 Kf4 47. Nh5+ Kf5 48. Ng3+ Ke6
49. Kg2 Kd6 50. Nf5+ Kc5 51. Ne3 Bxf3+ 52. Kxh2 Kd6 53. Kg3 Be2 54. Kf2 Bd3 55.
Ke1 e4 56. Kd2 Ke5 57. Nd1 Kf4 58. Nb2 Bb5 59. c4 Bc6 60. Ke2 Bd7 61. Nd1 $4
Bg4+ 62. Ke1 Bxd1 63. Kxd1 {[#]} Ke3 $4 (63... Ke5 $1 $19) 64. Ke1 $4 (64. c5
Kf2 $8 65. c6 e3 66. c7 e2+ 67. Kc2 e1=Q 68. c8=Q $11) 64... Kd4 65. c5 Kxc5
66. Kd2 Kc4 67. Kc2 e3 68. Kd1 Kb3 (68... Kd3 69. Ke1 e2 70. Kf2 Kd2) 69. Ke2
Kxa3 70. Kxe3 Kb2 0-1

[Event "MI Brandwein TNM: 1600-1999"]
[Site "San Francisco"]
[Date "2019.08.27"]
[Round "4.19"]
[White "Perlov, Alexander"]
[Black "Mercado, Adam"]
[Result "0-1"]
[WhiteElo "1770"]
[BlackElo "1699"]
[Annotator "de Firmian,Nick"]
[PlyCount "72"]
[EventDate "2019.08.06"]
[EventType "swiss"]
[EventRounds "9"]
[EventCountry "USA"]

{[%evp 0,72,32,24,24,-11,37,38,60,52,70,61,61,56,56,56,62,48,38,58,55,52,48,47,
72,52,97,62,84,75,75,67,98,84,126,83,177,42,48,50,67,42,42,46,91,48,6,6,53,23,
37,-19,-19,-4,55,45,126,101,90,-76,-95,-104,-92,-92,-111,-196,-197,-204,-212,
-235,-238,-249,-222,-314,-333]} 1. d4 Nf6 2. c4 g6 3. Nf3 d5 4. Nc3 Bg7 5. cxd5
Nxd5 6. e4 Nxc3 7. bxc3 c5 8. Be3 Qa5 9. Bd2 $6 O-O 10. Be2 Nc6 11. O-O cxd4
12. cxd4 Qd8 13. Be3 b6 14. Rc1 Bb7 15. d5 Ne5 16. Nd4 Rc8 17. Qb3 Nd7 18. Rxc8
Qxc8 19. Rc1 Nc5 20. Qa3 Qa8 21. f3 Be5 {[#] White has this strong control of
the center, but now he gets loose.} 22. f4 $2 Bxd4 23. Bxd4 Nxe4 24. Rc7 (24.
Qxe7 $11) 24... Bxd5 25. Rxa7 Qc6 26. Rxe7 Qc2 27. Qb2 Qa4 28. Bf3 Rc8 29. Bxe4
$2 (29. h3 $18) 29... Bxe4 $17 30. Rxe4 $2 Qd1+ 31. Kf2 Rc2+ 32. Kg3 Qd3+ 33.
Re3 Qxe3+ 34. Bxe3 Rxb2 35. Bd4 Rb4 36. Bc3 Ra4 0-1

[Event "MI Brandwein TNM: 1600-1999"]
[Site "San Francisco"]
[Date "2019.08.27"]
[Round "4.20"]
[White "Kaplan, Glenn"]
[Black "Huberts, Alexander"]
[Result "0-1"]
[WhiteElo "1651"]
[BlackElo "1767"]
[PlyCount "60"]
[EventDate "2019.08.06"]
[EventType "swiss"]
[EventRounds "9"]
[EventCountry "USA"]

1. c4 Nf6 2. Nc3 g6 3. g3 Bg7 4. Bg2 O-O 5. Nf3 c6 6. O-O d5 7. cxd5 cxd5 8. d3
Nc6 9. Bf4 Nh5 10. Bd2 d4 11. Ne4 Rb8 12. Qc1 Bf5 13. Nc5 Qd5 14. Nh4 Bg4 15.
f3 Bd7 16. g4 Nf6 17. Bf4 e5 18. Nxd7 Qxd7 19. Bg3 Nd5 20. Bf2 Bf6 21. Qh6 Qe7
22. f4 Nxf4 23. Nf3 Bg7 24. Qg5 f6 25. Qh4 g5 26. Nxg5 fxg5 27. Bd5+ Kh8 28.
Be4 gxh4 29. Kh1 Bf6 30. Rg1 Bg5 0-1

[Event "MI Brandwein TNM: 1600-1999"]
[Site "San Francisco"]
[Date "2019.08.27"]
[Round "4.21"]
[White "Malykin, Erika"]
[Black "Rakonitz, David"]
[Result "1-0"]
[WhiteElo "1762"]
[BlackElo "1639"]
[Annotator "de Firmian,Nick"]
[PlyCount "81"]
[EventDate "2019.08.06"]
[EventType "swiss"]
[EventRounds "9"]
[EventCountry "USA"]

1. d4 Nf6 2. Bf4 e6 3. c4 b6 4. Nd2 Bb7 5. Ngf3 Be7 6. e3 O-O 7. Rc1 c5 8. Be5
d6 9. Bxf6 Bxf6 10. Qc2 Nd7 11. Bd3 g6 12. O-O Bg7 13. Ne4 Nf6 14. Rfd1 Qc7 15.
Nfg5 Rac8 16. b3 Rfd8 17. Nc3 Qe7 18. Be2 d5 19. dxc5 Rxc5 20. Bf3 Rcc8 21. Nb5
Ba8 22. Qe2 h6 23. Nh3 a6 24. Nc3 Bb7 25. cxd5 exd5 26. Nf4 b5 27. Bxd5 Nxd5
28. Ncxd5 Qg5 29. Nh3 Qe5 30. Rxc8 Rxc8 31. f4 Qe8 32. e4 Rd8 33. Qd3 f5 34.
Ne7+ Qxe7 35. Qxd8+ Qxd8 36. Rxd8+ Bf8 37. e5 Bc6 38. Nf2 Kf7 39. Rc8 Bd5 40.
Nd3 Ba3 41. Rc7+ {("less than 5 minutes left") ...} 1-0

[Event "MI Brandwein TNM: 1600-1999"]
[Site "San Francisco"]
[Date "2019.08.27"]
[Round "4.22"]
[White "Cortinas, Martin A"]
[Black "Sablon, Hadrien"]
[Result "1-0"]
[WhiteElo "1697"]
[BlackElo "1626"]
[PlyCount "127"]
[EventDate "2019.08.06"]
[EventType "swiss"]
[EventRounds "9"]
[EventCountry "USA"]

1. d4 Nf6 2. c4 e6 3. Nf3 Bb4+ 4. Bd2 Qe7 5. g3 O-O 6. Nc3 d5 7. cxd5 exd5 8.
Bg2 c6 9. O-O Re8 10. Re1 Bf5 11. Nh4 Bg4 12. f3 Bh5 13. Rc1 Nbd7 14. Qb3 Bxc3
15. Rxc3 Nb6 16. Nf5 Qd8 17. Bf4 Bg6 18. Bh3 Nh5 19. Bc1 Qf6 20. Qc2 Bxf5 21.
Bxf5 Qxd4+ 22. e3 Qb4 23. a3 Qd6 24. Bxh7+ Kh8 25. Bf5 Re5 26. Rd1 Qe7 27. b3
Qd6 28. Rd4 Kg8 29. Rh4 g6 30. Bh3 Qf6 31. Bg2 Rae8 32. Rd3 Qd8 33. Rdd4 Ng7
34. e4 Ne6 35. Rd1 d4 36. f4 Rc5 37. Qb2 Rc3 38. Bd2 Rc5 39. Bb4 Rh5 40. Rxh5
gxh5 41. f5 c5 42. fxe6 cxb4 43. exf7+ Kxf7 44. Rxd4 bxa3 45. Qf2+ Qf6 46. Rd2
Re5 47. Qd4 Qe7 48. Rf2+ Kg6 49. Bh3 Qc5 50. Bf5+ Kf6 51. Qd8+ Qe7 52. Qh8+ Kf7
53. Qxh5+ Kg8 54. Qg6+ Kh8 55. Qh6+ Kg8 56. Bh7+ Kh8 57. Rf8+ Qxf8 58. Qxf8+
Kxh7 59. Qf7+ Kh6 60. Qf6+ Kh7 61. Qxe5 a5 62. Qc7+ Kg8 63. Qxb6 a2 64. Qxa5
1-0

[Event "MI Brandwein TNM: 1600-1999"]
[Site "San Francisco"]
[Date "2019.08.27"]
[Round "4.23"]
[White "Chambers, Don"]
[Black "Cohee, James"]
[Result "0-1"]
[WhiteElo "1367"]
[BlackElo "1654"]
[PlyCount "72"]
[EventDate "2019.08.06"]
[EventType "swiss"]
[EventRounds "9"]
[EventCountry "USA"]

1. e4 e5 2. Nf3 d6 3. Bc4 Be7 4. d4 exd4 5. c3 Nf6 6. Qb3 O-O 7. Ng5 Qe8 8.
cxd4 Nc6 9. Be3 h6 10. Nf3 Nxe4 11. Nc3 Nxc3 12. bxc3 Na5 13. Qb4 Nxc4 14. Qxc4
c6 15. O-O Be6 16. Qb4 b5 17. Bf4 Qd7 18. Qb1 Bf5 19. Qc1 Rae8 20. Re1 Bf6 21.
Qa3 Rxe1+ 22. Rxe1 Rd8 23. h3 Be6 24. g4 Bd5 25. Kg2 h5 26. g5 Bxf3+ 27. Kxf3
Qxh3+ 28. Ke2 Bxd4 29. g6 Re8+ 30. Be3 Bxe3 31. Kd1 Qg4+ 32. Kc2 Qf5+ 33. Kb2
Qxf2+ 34. Kb3 Qxe1 35. Qxd6 Qb1+ 36. Ka3 Bc1# 0-1

[Event "MI Brandwein TNM: 1600-1999"]
[Site "San Francisco"]
[Date "2019.08.27"]
[Round "4.24"]
[White "Chalissery, Jossy"]
[Black "Tuck, Drew"]
[Result "1/2-1/2"]
[WhiteElo "1668"]
[BlackElo "1490"]
[PlyCount "80"]
[EventDate "2019.08.06"]
[EventType "swiss"]
[EventRounds "9"]
[EventCountry "USA"]

1. Nf3 d5 2. d3 c5 3. Nbd2 Nc6 4. e4 e6 5. Be2 Bd6 6. O-O Nge7 7. Re1 O-O 8.
Bf1 Qc7 9. g3 Bd7 10. Bg2 b5 11. b3 a5 12. Bb2 d4 13. c3 e5 14. cxd4 cxd4 15.
a3 Rac8 16. Rc1 Qb6 17. Qe2 Ng6 18. Rc2 f6 19. Rec1 Be6 20. Qf1 Nce7 21. Rxc8
Rxc8 22. Rxc8+ Bxc8 23. Bh3 Qc6 24. Bxc8 Qxc8 25. Qc1 Qxc1+ 26. Bxc1 Kf7 27. a4
bxa4 28. bxa4 Bb4 29. Nc4 Nf8 30. Bd2 Nc6 31. Kf1 Nd7 32. Bxb4 axb4 33. Ke2 Nc5
34. Nb2 Ke6 35. Nd2 Na5 36. h3 f5 37. f3 g5 38. g4 fxe4 39. fxe4 h6 40. Nf3 Kf6
1/2-1/2

[Event "MI Brandwein TNM: 1600-1999"]
[Site "San Francisco"]
[Date "2019.08.27"]
[Round "4.25"]
[White "Boldi, Nicholas"]
[Black "Newey, Richard Her"]
[Result "1-0"]
[WhiteElo "1598"]
[BlackElo "1666"]
[PlyCount "81"]
[EventDate "2019.08.06"]
[EventType "swiss"]
[EventRounds "9"]
[EventCountry "USA"]

1. e4 c5 2. Nf3 e6 3. c4 Nc6 4. Nc3 a6 5. d4 cxd4 6. Nxd4 Bb4 7. Be2 Nf6 8. Bg5
Qa5 9. Bxf6 Bxc3+ 10. Kf1 gxf6 11. bxc3 Qxc3 12. Nf3 Ne5 13. Nd4 Nc6 14. Nf3 b6
15. Rb1 Qa5 16. Rb2 e5 17. Qd6 Qc5 18. Qxf6 Rf8 19. Qh6 Bb7 20. Rd2 Nd4 21.
Nxd4 exd4 22. Qxh7 Qe5 23. Qf5 Qxe4 24. Qxe4+ Bxe4 25. Rxd4 f5 26. h4 Ke7 27.
h5 Rg8 28. f3 Bc6 29. Bd3 Ke6 30. Kf2 Ke5 31. Rdh4 b5 32. h6 bxc4 33. Bxc4 d5
34. Bb3 Rh8 35. h7 Ra7 36. Re1+ Kd6 37. Rh6+ Kd7 38. Bc2 Bb5 39. Bxf5+ Kd8 40.
Rd6+ Kc7 41. Rxd5 1-0

[Event "MI Brandwein TNM: 1600-1999"]
[Site "San Francisco"]
[Date "2019.08.27"]
[Round "4.26"]
[White "Barreyro, Romeo"]
[Black "Khamkar, Susheel"]
[Result "0-1"]
[WhiteElo "1657"]
[BlackElo "1470"]
[Annotator "de Firmian,Nick"]
[PlyCount "160"]
[EventDate "2019.08.06"]
[EventType "swiss"]
[EventRounds "9"]
[EventCountry "USA"]

1. d4 d5 2. Bf4 Nf6 3. e3 Bf5 4. Nf3 Nbd7 5. Bd3 Bg4 6. h3 Bh5 7. g4 Bg6 8.
Bxg6 hxg6 9. Nc3 a6 10. g5 Nh5 11. Nxd5 Nxf4 12. Nxf4 e6 13. Qd3 Nb6 14. O-O-O
Nd5 15. Nxd5 Qxd5 16. e4 Qxa2 17. c3 Be7 18. h4 O-O 19. h5 gxh5 20. Rxh5 g6 21.
Rh3 Kg7 22. Rdh1 Rh8 23. Rxh8 Rxh8 24. Rxh8 Kxh8 25. e5 Qa1+ 26. Qb1 Qa4 27. b3
Qc6 28. Qd3 b5 29. Kb2 a5 30. c4 bxc4 31. bxc4 a4 32. c5 Qd5 33. Qd1 Qb7+ 34.
Ka3 Qb5 35. Qc2 Qc6 36. Qd3 Qd7 37. Qc4 Qc6 38. Qc3 Qb5 39. Qc2 Qc6 40. Qd3 Qb7
41. Qe3 Qb5 42. Nd2 Kg8 43. Ne4 Bd8 44. Nf6+ Kf8 45. d5 exd5 46. Nxd5 Bxg5 47.
f4 c6 48. fxg5 cxd5 49. Qh3 Qxc5+ 50. Kxa4 Qd4+ 51. Kb3 Qxe5 52. Qc8+ Ke7 53.
Qb7+ Kf8 54. Qc8+ Kg7 55. Qd8 Qe6 56. Kc2 Qe5 57. Kd3 Qe4+ 58. Kd2 Qe6 59. Kd3
f6 60. Qc7+ Qf7 61. gxf6+ Kxf6 62. Qf4+ Kg7 63. Qe5+ Kf8 64. Qb8+ Ke7 65. Qc7+
Ke6 66. Qc8+ Qd7 67. Qg8+ Kf6 68. Qh8+ Kg5 69. Kd4 Qd6 70. Qg8 Qb4+ 71. Ke3 d4+
72. Ke4 Qd6 73. Kd3 Qf6 74. Qb8 Kg4 75. Kc4 Qf1+ 76. Kd5 $4 d3 77. Qb5 Qf3+ 78.
Kc5 Qe3+ 79. Kc4 d2 80. Qb1 Qe2+ 0-1

[Event "MI Brandwein TNM: 1600-1999"]
[Site "San Francisco"]
[Date "2019.08.27"]
[Round "4.27"]
[White "Carron, Joel"]
[Black "Tamondong, Cesar"]
[Result "0-1"]
[WhiteElo "1573"]
[BlackElo "1617"]
[Annotator "de Firmian,Nick"]
[PlyCount "92"]
[EventDate "2019.08.06"]
[EventType "swiss"]
[EventRounds "9"]
[EventCountry "USA"]

1. e4 c5 2. d4 cxd4 3. c3 Nf6 4. e5 Nd5 5. cxd4 e6 6. Nf3 Bb4+ 7. Bd2 Qa5 8.
Bxb4 Qxb4+ 9. Qd2 Nc6 10. Nc3 O-O 11. a3 Qb3 12. Be2 Nxc3 13. Qxc3 Qxc3+ 14.
bxc3 f6 15. Bc4 fxe5 16. Nxe5 Nxe5 17. dxe5 Rf4 18. Bd3 b6 19. O-O Bb7 20. Bb5
Bc6 21. Bxc6 dxc6 22. Rad1 Rc4 23. Rd6 Re8 24. Rc1 Kf7 25. Rd4 Rc5 26. f4 Re7
27. Rd3 Rc4 28. Rd4 Rc5 29. Rd3 Rd5 30. Rcd1 Red7 31. Rd4 Kg6 32. Kf2 Kf5 33.
Kf3 h5 34. g3 g5 35. h3 gxf4 36. gxf4 Rg7 37. Rxd5 cxd5 38. Rd2 Rc7 (38... h4)
39. Rc2 Rc4 40. Kg3 d4 41. Kh4 Rxc3 42. Rd2 d3 43. Kg3 Ke4 44. f5 Kxf5 45. Kf3
Kxe5 46. Ke3 Rxa3 0-1

[Event "MI Brandwein TNM: 1600-1999"]
[Site "San Francisco"]
[Date "2019.08.27"]
[Round "4.28"]
[White "Harris, Clarence"]
[Black "Casares Jr, Nick"]
[Result "0-1"]
[WhiteElo "1464"]
[BlackElo "1600"]
[Annotator "de Firmian,Nick"]
[PlyCount "50"]
[EventDate "2019.08.06"]
[EventType "swiss"]
[EventRounds "9"]
[EventCountry "USA"]

1. e4 e5 2. Nf3 Nc6 3. Bb5 a6 4. Bxc6 dxc6 5. O-O Bg4 6. h3 Bh5 (6... h5 $5) 7.
g4 Bg6 8. Nxe5 Qd4 9. Nxg6 hxg6 10. Qf3 Bd6 11. Kg2 O-O-O 12. c3 Qe5 13. Rh1 f5
14. exf5 Rf8 15. d4 Qf6 16. Be3 Ne7 17. Nd2 gxf5 18. g5 Qg6 19. Bf4 Nd5 20.
Bxd6 cxd6 21. Qg3 f4 22. Qg4+ Kc7 23. Kf3 Qd3+ 24. Kg2 Qxd2 25. Rad1 Ne3+ 0-1

[Event "MI Brandwein TNM: U1600"]
[Site "San Francisco"]
[Date "2019.08.27"]
[Round "4.10"]
[White "Ansari, Jahaan"]
[Black "Simpkins, Jerry"]
[Result "0-1"]
[WhiteElo "1459"]
[BlackElo "1426"]
[Annotator "de Firmian,Nick"]
[PlyCount "64"]
[EventDate "2019.08.06"]
[EventType "swiss"]
[EventRounds "9"]
[EventCountry "USA"]

{[%evp 0,64,25,25,98,50,92,55,59,59,47,45,79,81,98,108,90,65,86,73,56,31,18,-4,
-9,-21,29,34,45,58,80,55,65,35,10,5,4,-17,-5,-14,-14,0,0,0,-12,-67,26,-11,22,
-18,-34,-10,-25,6,-17,-44,-30,-46,0,-54,9,-92,-91,-93,-79,-1723,-1956]} 1. d4
f5 2. e3 d5 3. c4 e6 4. Nc3 Nf6 5. Nf3 c6 6. Bd3 Bb4 7. Bd2 O-O 8. Ne2 Bd6 9.
O-O Ne4 10. cxd5 exd5 11. Be1 Nd7 12. Qb3 Ndf6 13. Bb4 Kh8 14. Bxd6 Nxd6 15.
Nf4 Nfe4 16. Qd1 g5 17. Ne2 f4 $1 18. exf4 gxf4 19. Qc1 Bg4 20. Ne5 Bxe2 21.
Bxe2 Qh4 22. a4 $6 Ng5 $6 23. Ra3 f3 $5 24. Nxf3 Nxf3+ 25. Rxf3 Rxf3 26. Bxf3
Qxd4 27. Qh6 Nc4 28. Re1 Qxb2 29. h3 Qg7 30. Qh4 $6 {[#]} (30. Qxg7+ Kxg7 31.
Re7+ {is equal.}) 30... Ne5 $1 31. Bd1 Rf8 32. Bc2 $4 Nf3+ {A sudden end to a
tense battle.} 0-1

[Event "MI Brandwein TNM: U1600"]
[Site "San Francisco"]
[Date "2019.08.27"]
[Round "4.30"]
[White "Baer, Michael A"]
[Black "Albury, Sterling C"]
[Result "0-1"]
[WhiteElo "1430"]
[BlackElo "1117"]
[PlyCount "80"]
[EventDate "2019.08.06"]
[EventType "swiss"]
[EventRounds "9"]
[EventCountry "USA"]

1. e4 e5 2. Nf3 Nc6 3. Bb5 a6 4. Ba4 b5 5. Bb3 Nf6 6. Qe2 Be7 7. O-O O-O 8. c3
d6 9. Rd1 Re8 10. d3 Bb7 11. Nbd2 Na5 12. Bc2 c5 13. Nf1 h6 14. Ne3 Bf8 15. Nf5
d5 16. b3 Nc6 17. Bb2 Qc7 18. Rac1 a5 19. a4 b4 20. c4 dxe4 21. dxe4 Nd4 22.
N3xd4 exd4 23. f3 g6 24. Ng3 Bd6 25. Nf1 Nh5 26. g3 f5 27. Qg2 f4 28. g4 Nf6
29. g5 hxg5 30. Qxg5 Qg7 31. Rd2 Re5 32. Qxf4 Rf8 33. Qh4 Rh5 34. Qf2 Nh7 35.
Ng3 Rh4 36. Kh1 Qh6 37. Rg1 Ng5 38. Nf5 {Diagram [#]} Rxf5 39. exf5 Bxf3+ 40.
Qxf3 Rxh2+ 0-1

[Event "MI Brandwein TNM: U1600"]
[Site "San Francisco"]
[Date "2019.08.27"]
[Round "4.31"]
[White "Dubensky, Walter B"]
[Black "Reyes, Victor Hugo"]
[Result "0-1"]
[WhiteElo "1078"]
[BlackElo "1497"]
[PlyCount "110"]
[EventDate "2019.08.06"]
[EventType "swiss"]
[EventRounds "9"]
[EventCountry "USA"]

1. d4 d5 2. Nc3 c6 3. e3 Bf5 4. Bd2 e6 5. f4 Bd6 6. g4 Qh4+ 7. Ke2 Bxg4+ 8. Nf3
Nd7 9. Be1 Qh5 10. Bg2 Bh3 11. Kf1 Bxg2+ 12. Kxg2 Ngf6 13. h3 h6 14. Rg1 g5 15.
fxg5 hxg5 16. Kf1 Qxh3+ 17. Ke2 Ne4 18. Nxe4 dxe4 19. Nxg5 Qh2+ 20. Bf2 O-O-O
21. Nxe4 Be7 22. Qd3 f5 23. Ng3 Ne5 24. Qc3 Ng4 25. Raf1 Nxf2 26. Qe1 Ne4+ 27.
Kd1 Qh4 28. Rf4 Qh3 29. Nxe4 fxe4 30. Rxe4 c5 31. Rg3 Qh5+ 32. Kc1 Bh4 33. Re5
Qh6 34. Rxc5+ Kb8 35. c4 Bxg3 36. Qxg3+ Ka8 37. Qc7 Qxe3+ 38. Kc2 Qxd4 39. Kb3
Rb8 40. a4 Rh3+ 41. Kb4 Qxb2+ 42. Ka5 Qb6+ 43. Qxb6 axb6+ 44. Kxb6 Rb3+ 45. Kc7
b6 46. Rc6 Rb7+ 47. Kc8 e5 48. a5 Rh3 49. Rc7 Rxc7+ 50. Kxc7 bxa5 51. c5 Rc3
52. Kb6 a4 53. Kb5 Kb7 54. Kb4 Rb3+ 55. Kxa4 Rb1 0-1

[Event "MI Brandwein TNM: U1600"]
[Site "San Francisco"]
[Date "2019.08.27"]
[Round "4.32"]
[White "Chan, John"]
[Black "Thibault, William"]
[Result "1-0"]
[WhiteElo "1515"]
[BlackElo "1195"]
[PlyCount "105"]
[EventDate "2019.08.06"]
[EventType "swiss"]
[EventRounds "9"]
[EventCountry "USA"]

1. d4 Nf6 2. Nf3 g6 3. h3 Bg7 4. c3 O-O 5. Bf4 d6 6. Nbd2 c5 7. e3 Nbd7 8. Be2
Re8 9. O-O e5 10. Bg5 e4 11. Nh2 d5 12. Rb1 h6 13. Bh4 Qa5 14. a3 Nb6 15. Nb3
Qa4 16. Nxc5 Qxd1 17. Rfxd1 Nc4 18. g4 g5 19. Bg3 b6 20. Nb3 Bd7 21. Re1 Ba4
22. Bxc4 dxc4 23. Nd2 Bc2 24. Rbc1 Bd3 25. Nhf1 h5 26. gxh5 Nxh5 27. Bh2 f5 28.
Kh1 Kf7 29. Ng3 Kg6 30. Rg1 Rh8 31. Kg2 f4 32. Ngxe4 Raf8 33. Kh1 Bh6 34. Rg4
Be2 35. Rg2 f3 36. Rg4 Nf6 37. Nxf6 Rxf6 38. Be5 Bg7 39. Bxf6 Rxh3+ 40. Kg1
Bxf6 41. Ne4 Kf5 42. Rg3 Rxg3+ 43. Nxg3+ Kg4 44. Nxe2 fxe2 45. Kg2 Kf5 46. f3
g4 47. Re1 Bh4 48. Rxe2 g3 49. Kh3 Kg5 50. d5 Kh5 51. d6 b5 52. d7 a6 53. Rg2
1-0

[Event "MI Brandwein TNM: U1600"]
[Site "San Francisco"]
[Date "2019.08.27"]
[Round "4.33"]
[White "James, Charles"]
[Black "Cole, Tony"]
[Result "0-1"]
[WhiteElo "1458"]
[BlackElo "1400"]
[Annotator "de Firmian,Nick"]
[PlyCount "67"]
[EventDate "2019.08.06"]
[EventType "swiss"]
[EventRounds "9"]
[EventCountry "USA"]

1. d4 e6 2. e4 d5 3. e5 c5 4. c3 Nc6 5. Nf3 h6 6. Bd3 c4 7. Bc2 Bd7 8. O-O Qe7
9. b3 O-O-O 10. b4 Nb8 11. a4 f6 12. b5 g5 13. Na3 h5 14. exf6 Nxf6 15. Bxg5
Bh6 16. Bh4 Rdg8 17. Ne5 Be8 18. f4 Qg7 19. Qf3 Ng4 20. g3 Rf8 21. Kh1 Nd7 22.
Rae1 Ngxe5 23. dxe5 Kb8 24. Qe3 Qg4 25. Qd4 Rf7 26. Bd1 Qf5 27. Bc2 Qh3 28. Rf3
Bg7 29. Bg6 Rff8 30. Bxe8 Rxe8 31. Rff1 Rhf8 32. Nc2 Rf7 33. Ne3 Ref8 34. Bg5 {
[%emt 0:00:44] .... 0-1} 0-1

[Event "MI Brandwein TNM: U1600"]
[Site "San Francisco"]
[Date "2019.08.27"]
[Round "4.34"]
[White "Capdeville, Barry"]
[Black "Anderson, David"]
[Result "1-0"]
[WhiteElo "1226"]
[BlackElo "793"]
[PlyCount "65"]
[EventDate "2019.08.06"]
[EventType "swiss"]
[EventRounds "9"]
[EventCountry "USA"]

1. e4 e5 2. Nf3 Nc6 3. Bb5 d5 4. d4 Bd7 5. Bxc6 Bxc6 6. Nxe5 Bb5 7. Nc3 Bb4 8.
Nd3 Bxc3+ 9. bxc3 Qh4 10. O-O O-O-O 11. e5 Nh6 12. Qf3 Rhf8 13. Bf4 Nf5 14. g4
Nh6 15. h3 g5 16. Bh2 f5 17. exf6 Rd6 18. Qg2 Rdxf6 19. Bg3 Nf5 20. Bxh4 Nxh4
21. Qxd5 c6 22. Qh1 Rd8 23. f3 c5 24. Rf2 Bc6 25. Ne5 Bd5 26. c4 Bf7 27. d5 h5
28. Rb1 Re8 {Diagram [#]} 29. d6 $5 Rxe5 30. f4 $1 gxf4 31. Qxb7+ Kd8 32. Qc7+
Ke8 33. Rb8# 1-0

[Event "MI Brandwein TNM: U1600"]
[Site "San Francisco"]
[Date "2019.08.27"]
[Round "4.35"]
[White "Roberts, Joseph"]
[Black "Hilliard, Michael"]
[Result "1-0"]
[WhiteElo "1369"]
[BlackElo "1429"]
[Annotator "de Firmian,Nick"]
[PlyCount "83"]
[EventDate "2019.08.06"]
[EventType "swiss"]
[EventRounds "9"]
[EventCountry "USA"]

1. e4 c6 2. f4 d5 3. Bd3 e6 4. Nf3 Bd6 5. e5 Bc7 6. b3 Ne7 7. O-O O-O 8. Ng5 g6
9. Nc3 Nd7 10. Ne2 f6 11. Nf3 fxe5 12. fxe5 Nxe5 13. Bb2 Nxf3+ 14. gxf3 Qd6 15.
f4 Bb6+ 16. Kh1 c5 17. Be5 Qc6 18. Ng3 Nf5 19. Qg4 Nxg3+ 20. hxg3 Qe8 21. Kg2
Bd8 22. Rh1 Bf6 23. Raf1 Bd7 24. Rh6 Bxe5 {[#]} 25. Bxg6 hxg6 26. Rxg6+ Kf7 27.
fxe5+ Ke7 28. Rg7+ (28. Qg5+) 28... Kd8 29. Rxf8 Qxf8 30. Rg8 Kc7 31. Rxf8 Rxf8
32. Qg7 Rf5 33. g4 Rf4 34. Kg3 Re4 35. Kf3 Re1 36. g5 Ra1 37. a4 Ra2 38. Qh7
Ra1 39. g6 Re1 40. g7 Rf1+ 41. Ke2 Rf7 42. Qg6 1-0

[Event "MI Brandwein TNM: U1600"]
[Site "San Francisco"]
[Date "2019.08.27"]
[Round "4.37"]
[White "Starr, Albert Mart"]
[Black "Martin, Michael J"]
[Result "1-0"]
[WhiteElo "1575"]
[BlackElo "1574"]
[Annotator "de Firmian,Nick"]
[PlyCount "79"]
[EventDate "2019.08.06"]
[EventType "swiss"]
[EventRounds "9"]
[EventCountry "USA"]

{[%evp 0,79,25,-28,-70,-94,-11,-1,46,46,46,59,49,78,72,72,72,52,96,80,80,79,80,
83,137,115,140,103,146,134,173,129,210,42,62,111,135,117,124,136,132,132,132,
127,208,198,635,784,808,423,419,356,356,375,375,342,353,309,309,311,411,308,
303,229,250,303,314,316,324,315,328,352,420,279,432,467,527,645,592,579,801,
348]} 1. b4 e5 2. Bb2 Nc6 $2 {[#] A surprisingl popular try against the
Orangutan, but unfortunately White gets the advantage.} 3. b5 Nd4 4. e3 Ne6 5.
Bxe5 d6 6. Bb2 Nf6 7. Nf3 Bd7 8. Be2 c6 9. c4 cxb5 10. cxb5 Rc8 11. O-O Nc5 12.
a4 g6 13. d3 d5 14. Nbd2 Bg7 15. Rc1 O-O 16. Bxf6 Bxf6 17. d4 Ne4 18. Rxc8 Qxc8
19. Nxe4 dxe4 20. Nd2 Re8 21. Qb1 Qa8 22. Nxe4 Bf5 23. Nxf6+ Kf8 24. Nxh7+ Kg7
25. Bd3 Bxd3 26. Qxd3 Kxh7 27. Rc1 Qd8 28. Qc4 Kg7 29. Qc7 Qh4 30. Qg3 Qe4 31.
h4 Rh8 32. Qe5+ Qxe5 33. dxe5 Rxh4 34. f4 Rh8 35. Rc7 a6 36. b6 Rd8 37. Rxb7
Rd3 38. Kf2 Ra3 39. Ra7 Rxa4 40. g4 1-0

[Event "MI Brandwein TNM: U1600"]
[Site "San Francisco"]
[Date "2019.08.27"]
[Round "4.38"]
[White "Chen, Bryant Alan"]
[Black "Olson, David"]
[Result "1-0"]
[WhiteElo "1468"]
[BlackElo "1407"]
[Annotator "de Firmian,Nick"]
[PlyCount "93"]
[EventDate "2019.08.06"]
[EventType "swiss"]
[EventRounds "9"]
[EventCountry "USA"]

{[%evp 0,93,25,-16,25,12,14,13,46,42,22,19,52,51,65,34,41,29,39,40,40,-116,
-124,-124,-124,-136,-133,-143,-100,-134,-109,-102,-102,-64,76,78,63,68,78,37,
78,60,116,58,105,25,59,45,173,122,169,169,190,120,152,152,191,150,209,237,257,
256,397,324,345,348,348,173,173,173,216,207,276,307,311,331,365,349,758,724,
724,340,397,401,437,398,438,404,450,404,671,465,467,443,1086,1298]} 1. c4 c5 2.
Nc3 Nf6 3. e3 g6 4. Nf3 Bg7 5. d4 b6 6. Be2 Na6 7. O-O O-O 8. a3 Nc7 9. d5 d6
10. b4 Ne4 11. Nxe4 Bxa1 12. Qc2 Bf5 13. Bd3 Bg4 14. Nfd2 {[#] Black has won
material and can consolidate many ways, but now weakens his king position.} f5
$2 15. Nc3 f4 16. exf4 Rxf4 17. Nb3 Bxc3 18. Bxf4 Bg7 19. Re1 Qf8 20. Bg3 a6
21. Re4 Bd7 22. Rf4 Qe8 23. Qe2 b5 24. bxc5 bxc4 25. Bxc4 Bb5 26. Qf3 Bxc4 27.
Rxc4 Nb5 28. a4 Na3 29. Re4 Qd7 30. c6 Qc7 31. Nd2 Nc2 32. Qd3 Na1 33. Nb3 Nxb3
34. Qxb3 Rb8 35. Rb4 Ra8 36. Rb7 Qa5 37. Rxe7 Be5 38. Qd1 Rb8 39. Bxe5 dxe5 40.
Rxe5 Qc7 41. Re1 Rd8 42. Qf3 Rf8 43. Qe4 Qb6 44. Rf1 Rf5 45. Qe6+ Kg7 46. Qe7+
Kh6 47. c7 1-0